[Event "Grand Chess Tour 2016"]
[Site "Leuven"]
[Date "19.06.2016"][Round "5B"]
[White "Giri,A"]
[Black "Aronian,L"]
[Result "1/2-1/2"]
[WhiteElo "2782"]
[BlackElo "2792"]
[EventDate "2016.06.17"]

1. e4 e5 2. Nf3 Nc6 3. Bc4 Bc5 4. O-O Nf6 5. d3 O-O 6. c3 d5 7. exd5 Nxd5
8. a4 a5 9. Nbd2 Nb6 10. Bb5 Bd6 11. Re1 Bg4 12. Ne4 Na7 13. h3 Bh5 14. d4
Nxb5 15. axb5 exd4 16. Nxd6 Bxf3 17. Qxf3 Qxd6 18. Rd1 Rfe8 19. Bf4 Qc5 20.
Qxb7 dxc3 21. bxc3 Rac8 22. Qc6 Qxc6 23. bxc6 Re6 24. Bxc7 Rxc6 25. Bxb6
Rxb6 26. Rxa5 h6 27. Ra7 Rxc3 28. Rd8+ Kh7 29. Rxf7 Rcc6 30. Rff8 Rf6 31.
Rh8+ Kg6 32. f3 Rfd6 33. Kh2 Rxd8 34. Rxd8 Kf6 35. Rd4 Rb2 36. h4 h5 37.
Kg3 g6 38. Ra4 Kg7 39. Ra6 Kf7 40. Ra1 Kf6 41. Rf1 Kf5 42. Rf2 Rb3 43. Ra2
Rb4 44. Re2 Kf6 45. Kh3 Ra4 46. g3 Ra3 47. Kg2 Ra4 48. Kf2 Ra3 49. Rd2 Kf5
50. Ke2 Kf6 51. Rd3 Ra1 52. Ke3 Ra4 53. Rd4 Ra5 54. Rc4 Kf7 55. Ke4 Kf6 56.
Rb4 Re5+ 57. Kf4 Rf5+ 58. Ke3 Re5+ 59. Re4 Ra5 60. Rc4 Re5+ 61. Kd3 Re1 62.
Rf4+ Kg7 63. Re4 Rg1 64. g4 hxg4 65. fxg4 Rh1 66. g5 Kf7 67. Kd4 Ra1 68.
Ke5 Ra5+ 69. Kf4 Rb5 70. Ra4 Rf5+ 71. Kg4 Rb5 72. Ra7+ Kg8 73. Ra4 Kf7 74.
Re4 Ra5 75. Rf4+ Kg7 76. Rd4 Kf7 77. Kf4 Rf5+ 78. Ke4 Ra5 79. Rc4 Rb5 80.
Kd4 Ra5 81. Ke4 Rb5 82. Rc7+ Kg8 83. Rd7 Rb4+ 84. Ke5 Rxh4 85. Kf6 Ra4 86.
Rd8+ Kh7 87. Rd7+ Kg8 88. Kxg6 Ra6+ 1/2-1/2

[Event "Grand Chess Tour 2016"]
[Site "Leuven"]
[Date "19.06.2016"][Round "7B"]
[White "Kramnik,V"]
[Black "Anand,V"]
[Result "1/2-1/2"]
[WhiteElo "2812"]
[BlackElo "2770"]
[EventDate "2016.06.17"]

1. Nf3 c5 2. g3 Nc6 3. Bg2 g6 4. c3 Bg7 5. d4 cxd4 6. cxd4 d5 7. O-O e6 8.
Nc3 Nge7 9. b3 O-O 10. e3 b6 11. Ba3 Ba6 12. Re1 Qd7 13. e4 Rfe8 14. Rc1
Rac8 15. e5 Bh6 16. Rc2 Nb8 17. h4 Rc7 18. Nh2 Rec8 19. Ng4 Bg7 20. Qd2 Qd8
21. Bd6 Rc6 22. Rec1 Nf5 23. Bxb8 Rxb8 24. Nf6+ Kh8 25. Bh3 Bh6 26. f4 Nxg3
27. Qf2 Rxc3 28. Rxc3 Ne2+ 29. Kh1 Nxc3 30. Rxc3 Rc8 31. Rxc8 Qxc8 32. Qd2
Bg7 33. Ng4 Qd8 34. Qf2 h5 35. Ne3 Bd3 36. Kh2 Be4 37. Bg2 f5 38. Kg3 Qc7
39. Qd2 Bh6 40. Bxe4 fxe4 41. Qc2 Qxc2 42. Nxc2 Bf8 43. a4 Be7 44. b4 b5
45. axb5 Kg8 46. b6 axb6 47. b5 Kf7 48. Kh3 1/2-1/2

[Event "Grand Chess Tour 2016"]
[Site "Leuven"]
[Date "19.06.2016"][Round "8B"]
[White "Anand,V"]
[Black "Aronian,L"]
[Result "1/2-1/2"]
[WhiteElo "2770"]
[BlackElo "2792"]
[EventDate "2016.06.17"]

1. e4 e5 2. Nf3 Nc6 3. Bb5 Nf6 4. d3 Bc5 5. Bxc6 dxc6 6. h3 Nd7 7. Be3 Bd6
8. Nc3 O-O 9. O-O Re8 10. Nd2 Nf8 11. Nc4 Ng6 12. Ne2 a5 13. b3 a4 14. Nxd6
cxd6 15. f4 exf4 16. Nxf4 d5 17. Nxg6 hxg6 18. Qf3 Be6 19. exd5 Bxd5 20.
Qf2 axb3 21. axb3 Rxa1 22. Rxa1 Qe7 23. Bd2 f6 24. Re1 Qd7 25. Rxe8+ Qxe8
26. Qe3 Qxe3+ 27. Bxe3 b5 28. c4 bxc4 29. bxc4 Be6 30. Kf2 Kf7 31. h4
1/2-1/2

[Event "Grand Chess Tour 2016"]
[Site "Leuven"]
[Date "19.06.2016"][Round "8B"]
[White "Kramnik,V"]
[Black "Caruana,F"]
[Result "1-0"]
[WhiteElo "2812"]
[BlackElo "2804"]
[EventDate "2016.06.17"]

1. Nf3 d6 2. d4 Nf6 3. c4 g6 4. Nc3 Bf5 5. Bg5 Bg7 6. e3 O-O 7. Bd3 Bxd3 8.
Qxd3 Nbd7 9. O-O h6 10. Bh4 g5 11. Bg3 Nh5 12. Rad1 e6 13. d5 Qe7 14. Nd4
a6 15. Qe2 Nxg3 16. hxg3 Rae8 17. Qc2 Qf6 18. b4 h5 19. c5 dxc5 20. dxe6
fxe6 21. Ne4 Qg6 22. bxc5 Ne5 23. Qb1 h4 24. Qxb7 Rb8 25. Qxc7 Qxe4 26.
Nxe6 Qg6 27. Nxf8 Rxf8 28. Qd6 Qh5 29. gxh4 gxh4 30. Qd5+ Kh8 31. f4 Rg8
32. fxe5 Bxe5 33. Qf3 Qg5 34. Rd5 Rg6 35. Rxe5 Qxe5 36. Qf8+ 1-0

[Event "Grand Chess Tour 2016"]
[Site "Leuven"]
[Date "19.06.2016"][Round "9B"]
[White "Caruana,F"]
[Black "Anand,V"]
[Result "1-0"]
[WhiteElo "2804"]
[BlackElo "2770"]
[EventDate "2016.06.17"]

1. b3 d5 2. Bb2 Nf6 3. Nf3 g6 4. g3 Bg7 5. Bg2 O-O 6. O-O c5 7. c4 d4 8. e3
Nc6 9. exd4 cxd4 10. d3 Nd7 11. Re1 a5 12. Nbd2 Nc5 13. Ne4 Nxe4 14. Rxe4
Bf5 15. Re1 Qd7 16. Ba3 Rfe8 17. Ng5 h6 18. Ne4 b6 19. Qd2 Rac8 20. b4 axb4
21. Bxb4 Ne5 22. f3 Qa4 23. Rab1 Nd7 24. f4 Nc5 25. Bxc5 bxc5 26. Rb5 Bxe4
27. Bxe4 e6 28. Reb1 Rc7 29. Qa5 Ra7 30. Qxa4 Rxa4 31. Rxc5 Rxa2 32. Rc7
Rc2 33. c5 Bf8 34. Rb5 Rc3 35. Kg2 Re7 36. Rc8 f5 37. Bb7 Kg7 38. c6 Rxd3
39. Rd8 Rc3 40. Rxd4 Kf7 41. Ra5 Bg7 42. Rd2 e5 43. Rd7 Rxd7 44. cxd7 Ke7
45. Rd5 Kd8 46. fxe5 Re3 47. Rd6 Bxe5 48. Rxg6 Kxd7 49. Rxh6 Ke7 50. Bf3
Kf7 51. Bh5+ Ke7 52. Bf3 Rc3 53. Bd5 Bf6 54. Rh5 f4 55. gxf4 Rc5 56. Kf3
Kd6 57. Ke4 Ke7 58. Rh7+ Kd6 59. Rh6 Ke7 60. h4 Ra5 61. h5 Ra4+ 62. Kf3 Ra5
63. Ke4 Ra4+ 64. Kf5 Bc3 65. Re6+ Kf8 66. h6 Ra5 67. Ke4 Ra4+ 68. Kf3 Bd2
69. Rf6+ Ke7 70. h7 1-0

[Event "Grand Chess Tour 2016"]
[Site "Leuven"]
[Date "19.06.2016"][Round "9B"]
[White "Giri,A"]
[Black "Kramnik,V"]
[Result "1/2-1/2"]
[WhiteElo "2782"]
[BlackElo "2812"]
[EventDate "2016.06.17"]

1. e4 e5 2. Nf3 Nc6 3. Bc4 Bc5 4. O-O Nf6 5. d3 d6 6. c3 a6 7. a4 h6 8.
Nbd2 O-O 9. Re1 Be6 10. b4 Ba7 11. Bxe6 fxe6 12. Nf1 Nh5 13. Be3 Bxe3 14.
fxe3 Qe8 15. Ra2 Nf6 16. h3 a5 17. b5 Nb8 18. g4 Nbd7 19. Rg2 Nc5 20. h4
Nfd7 21. g5 Nxd3 22. Qxd3 Rxf3 23. gxh6 Rf7 24. Qe2 Nf6 25. Nd2 Kh8 26.
hxg7+ Rxg7 27. Rxg7 Kxg7 28. Kh2 Qh5 29. Qxh5 Nxh5 30. b6 Nf6 31. Rg1+ Kh7
32. Rf1 Kg6 33. Rg1+ Kh6 34. Rf1 Kg6 35. Rg1+ Kh6 1/2-1/2

[Event "Grand Chess Tour 2016"]
[Site "Leuven"]
[Date "19.06.2016"][Round "9B"]
[White "Aronian,L"]
[Black "Topalov,V"]
[Result "1-0"]
[WhiteElo "2792"]
[BlackElo "2761"]
[EventDate "2016.06.17"]

1. Nf3 d5 2. c4 e6 3. g3 Nf6 4. Bg2 Be7 5. O-O O-O 6. d4 dxc4 7. Qc2 a6 8.
a4 c5 9. dxc5 Bxc5 10. Qxc4 b6 11. Ne5 Ra7 12. Nc3 Bb7 13. Bxb7 Rxb7 14.
Bg5 h6 15. Rad1 Qe7 16. Bxf6 Qxf6 17. Nd3 Qd4 18. Qb3 Be7 19. e3 Qg4 20.
Ne5 Qh5 21. f4 Bf6 22. Nc4 Bxc3 23. Qxc3 Qc5 24. Qd4 Nd7 25. Rf2 Qxd4 26.
Rxd4 Nc5 27. Rc2 Nxa4 28. Nd6 Rd7 29. Rc6 Nxb2 30. Rxb6 Rfd8 31. Rxa6 Na4
32. Nxf7 Rxd4 33. Nxd8 Rxd8 34. Rxa4 Rd2 35. Rd4 Ra2 36. h3 Kf7 37. Kf1 Rh2
38. h4 h5 39. e4 g6 40. Rd3 Kf8 41. Re3 Ra2 42. Re2 Ra3 43. Kf2 Kf7 44. Re3
Ra1 45. Rd3 Rb1 46. Rd7+ Kf8 47. Ke3 Rb4 48. Rc7 Ra4 49. Kd3 Rb4 50. Rc4
Rb3+ 51. Kd4 Ke7 52. Rc7+ Kd6 53. Rc3 Rb4+ 54. Kd3 Ra4 55. Rb3 Ke7 56. Ke3
Kf6 57. Rd3 Rb4 58. Rd7 Ra4 59. e5+ Kf5 60. Rf7+ Kg4 61. Rf6 Kxg3 62. Rxg6+
Kxh4 63. Rxe6 Ra3+ 64. Ke4 Ra4+ 65. Kf5 Kg3 66. Rg6+ Kf3 67. Kg5 h4 68. Rh6
Rxf4 69. Rf6 Rxf6 70. exf6 h3 71. f7 h2 72. f8=Q Kg2 73. Qa8+ 1-0

[Event "Grand Chess Tour 2016"]
[Site "Leuven"]
[Date "20.06.2016"][Round "10B"]
[White "Anand,V"]
[Black "Topalov,V"]
[Result "1-0"]
[WhiteElo "2770"]
[BlackElo "2761"]
[EventDate "2016.06.17"]

1. e4 c5 2. Nf3 d6 3. d4 cxd4 4. Nxd4 Nf6 5. Nc3 a6 6. h3 e5 7. Nde2 h5 8.
Nd5 Nxd5 9. Qxd5 Nd7 10. Nc3 Nf6 11. Qd1 Be6 12. Bg5 Be7 13. Bxf6 Bxf6 14.
Be2 g6 15. O-O Rc8 16. Nd5 Bg5 17. c3 O-O 18. a4 Kg7 19. a5 h4 20. Ra4 Rc5
21. b4 Rc6 22. c4 Bf4 23. Ra3 Qg5 24. Nb6 f5 25. b5 axb5 26. cxb5 Rc1 27.
Qxd6 Rxf1+ 28. Bxf1 Bf7 29. a6 bxa6 30. bxa6 Rd8 31. Nd7 fxe4 32. a7 e3 33.
a8=Q exf2+ 34. Kh1 1-0

[Event "Grand Chess Tour 2016"]
[Site "Leuven"]
[Date "20.06.2016"][Round "10B"]
[White "Giri,A"]
[Black "Caruana,F"]
[Result "1/2-1/2"]
[WhiteElo "2782"]
[BlackElo "2804"]
[EventDate "2016.06.17"]

1. e4 e5 2. Nf3 Nc6 3. Bc4 Bc5 4. O-O Nf6 5. d3 d6 6. c3 a6 7. a4 h6 8.
Nbd2 O-O 9. h3 Ba7 10. Re1 Ne7 11. Nf1 Ng6 12. Ba2 Re8 13. Ng3 Be6 14. Bxe6
Rxe6 15. d4 Qd7 16. Be3 Ree8 17. dxe5 dxe5 18. Bxa7 Rxa7 19. Qxd7 Nxd7 20.
Rad1 Nc5 21. a5 Raa8 22. b4 Na4 23. Ne2 Rad8 24. Kf1 f6 25. g3 Ne7 26. Rd2
Rxd2 27. Nxd2 Rd8 28. Nc4 Rd3 29. Rc1 Nc8 30. Ke1 b5 31. axb6 cxb6 32. Rd1
Rxd1+ 33. Kxd1 Kf7 34. Kc2 Ke6 35. Ne3 Nd6 36. f3 b5 37. Nc1 Nc4 38. Nf5
Kf7 39. g4 Nab6 40. Nb3 Nd7 41. Kd3 Nb2+ 42. Kc2 Nc4 43. Kd3 Nb2+ 44. Kc2
Nc4 1/2-1/2

[Event "Grand Chess Tour 2016"]
[Site "Leuven"]
[Date "20.06.2016"][Round "11B"]
[White "Giri,A"]
[Black "Anand,V"]
[Result "1/2-1/2"]
[WhiteElo "2782"]
[BlackElo "2770"]
[EventDate "2016.06.17"]

1. Nf3 d5 2. g3 Nf6 3. Bg2 e6 4. O-O Be7 5. c4 O-O 6. b3 c5 7. Bb2 Nc6 8.
cxd5 Nxd5 9. d4 cxd4 10. Nxd4 Bd7 11. Nc3 Nxc3 12. Bxc3 Rc8 13. Qd3 Nxd4
14. Bxd4 Bb5 15. Qxb5 Qxd4 16. Qxb7 Ba3 17. Rad1 Qb6 18. Qxb6 axb6 19. Be4
Rfd8 20. Bd3 g6 21. Kg2 Kf8 22. Rb1 Ke7 23. f4 Rc3 24. g4 f5 25. gxf5 exf5
26. Kf3 Rdc8 27. Rbd1 Rc1 28. Bc4 Rxd1 29. Rxd1 Rd8 30. Bd3 Rc8 31. Bc4 Rd8
32. Bd5 b5 33. Rd3 Kf6 34. h3 b4 35. e3 Bc1 36. Ke2 h6 37. Rd1 Ba3 38. Rd2
g5 39. Rd1 Rd6 1/2-1/2

[Event "Grand Chess Tour 2016"]
[Site "Leuven"]
[Date "20.06.2016"][Round "12B"]
[White "Aronian,L"]
[Black "Kramnik,V"]
[Result "1/2-1/2"]
[WhiteElo "2792"]
[BlackElo "2812"]
[EventDate "2016.06.17"]

1. c4 e6 2. Nc3 d5 3. d4 Nf6 4. Nf3 c5 5. cxd5 Nxd5 6. e4 Nxc3 7. bxc3 cxd4
8. cxd4 Bb4+ 9. Bd2 Bxd2+ 10. Qxd2 O-O 11. Rc1 b6 12. Bd3 Bb7 13. O-O Nd7
14. Qe3 Nf6 15. Ne5 Qe7 16. f3 Rfd8 17. Bb5 Rac8 18. Bc6 Ne8 19. Ba4 Nd6
20. Qa3 Nf5 21. Qxe7 Nxe7 22. Bd7 Rb8 23. Rc7 Ng6 24. Nxf7 Kxf7 25. Bc8+
Ne7 26. Bxb7 Rxd4 27. f4 Rbd8 28. e5 R8d7 29. Rxd7 Rxd7 30. Bf3 Rd2 31. Rf2
Rd4 32. g3 b5 33. Rc2 a5 34. Kf1 Nd5 35. Bxd5 Rxd5 36. Rc7+ Kg6 37. Ke2 b4
38. Re7 Kf5 39. Rxg7 Ke4 40. Re7 a4 41. Rb7 Rd4 42. Rb6 h5 43. Rxe6 Rc4 44.
Kd2 b3 45. axb3 axb3 46. Rb6 Rc2+ 47. Kd1 Rxh2 48. Rxb3 h4 49. e6 hxg3 50.
Rxg3 Kxf4 51. e7 Rh8 52. Rg7 Re8 1/2-1/2

[Event "Grand Chess Tour 2016"]
[Site "Leuven"]
[Date "20.06.2016"][Round "13B"]
[White "Caruana,F"]
[Black "Aronian,L"]
[Result "1-0"]
[WhiteElo "2804"]
[BlackElo "2792"]
[EventDate "2016.06.17"]

1. Nf3 d5 2. c4 e6 3. b3 Nf6 4. Bb2 Be7 5. g3 O-O 6. Bg2 b6 7. O-O Bb7 8.
e3 dxc4 9. bxc4 c5 10. Qe2 Nc6 11. Nc3 Qc7 12. Ne1 a6 13. f4 Na7 14. Rb1
Bxg2 15. Nxg2 b5 16. f5 b4 17. Nd1 Rad8 18. g4 Nc6 19. Nf2 h6 20. Rbd1 Ne5
21. fxe6 Ng6 22. Nh3 fxe6 23. Nhf4 Nxf4 24. Nxf4 Kf7 25. d4 Bd6 26. d5 Bxf4
27. dxe6+ Kxe6 28. exf4+ Kf7 29. g5 Rfe8 30. Qf3 Rxd1 31. Rxd1 Ng8 32. Rd5
Ne7 33. gxh6 Nxd5 34. Qxd5+ Kg6 35. Qg5+ Kh7 36. hxg7 Qc6 37. Qh5+ Kg8 38.
Be5 Rxe5 39. Qh8+ 1-0

[Event "Grand Chess Tour 2016"]
[Site "Leuven"]
[Date "20.06.2016"][Round "14B"]
[White "Topalov,V"]
[Black "Caruana,F"]
[Result "0-1"]
[WhiteElo "2761"]
[BlackElo "2804"]
[EventDate "2016.06.17"]

1. c4 c5 2. Nf3 Nf6 3. g3 Nc6 4. Bg2 g6 5. d4 cxd4 6. Nxd4 Bg7 7. Nc3 O-O
8. O-O Qa5 9. Nb3 Qh5 10. e4 d6 11. Qxh5 Nxh5 12. Nd5 a5 13. Rb1 a4 14. Nd2
Nf6 15. Re1 Nxd5 16. exd5 Nb4 17. a3 Nd3 18. Rd1 Bh6 19. f4 Bg7 20. Ne4
Nxc1 21. Rdxc1 Bf5 22. Bf3 Rfc8 23. g4 Bd7 24. Kg2 f5 25. gxf5 Bxf5 26. b4
b6 27. Kg3 Rc7 28. b5 Bd4 29. h4 h6 30. Rc2 Kf7 31. Rd1 Bg7 32. Rb1 Ra5 33.
Rb4 Bd4 34. Ra2 Ra8 35. Rd2 Bg7 36. Rd3 Rac8 37. Rxa4 Rxc4 38. Rxc4 Rxc4
39. Re3 Bd4 40. Re2 Ra4 41. h5 Rxa3 42. Kg2 Be3 43. hxg6+ Bxg6 44. Nd2 Bxf4
45. Nc4 Rb3 46. Nxb6 Rxb5 47. Nc8 Be5 48. Bg4 Rb4 49. Be6+ Kf6 50. Rf2+ Rf4
0-1

[Event "Grand Chess Tour 2016"]
[Site "Leuven"]
[Date "20.06.2016"][Round "14B"]
[White "Aronian,L"]
[Black "Giri,A"]
[Result "1/2-1/2"]
[WhiteElo "2792"]
[BlackElo "2782"]
[EventDate "2016.06.17"]

1. Nf3 d5 2. d4 Nf6 3. c4 c6 4. Nc3 e6 5. Qd3 dxc4 6. Qxc4 b5 7. Qd3 a6 8.
Bg5 c5 9. Bxf6 gxf6 10. d5 Bb7 11. dxe6 Qxd3 12. exf7+ Kxf7 13. exd3 Rg8
14. a4 Nc6 15. axb5 Nd4 16. Nxd4 cxd4 17. Ne2 axb5 18. Rxa8 Bb4+ 19. Kd1
Rxa8 20. Nxd4 Bd5 21. Kc2 Bc5 22. Nxb5 Bxf2 23. Nc3 Bc6 24. d4 Bxd4 25.
Bc4+ Kg6 26. Bd5 Bxd5 27. Nxd5 Re8 28. b4 Re5 29. Nf4+ Kg5 30. g3 Kg4 31.
Rd1 Be3 32. Nd5 Bg5 33. b5 Re2+ 34. Kb3 Rxh2 35. b6 Re2 36. b7 Re8 37. Nb6
Rb8 38. Rd7 h5 39. Nd5 Kxg3 40. Ne7 Bf4 41. Nc6 Rh8 42. Rg7+ Kf2 43. Rf7 h4
44. Rxf6 Kg3 45. Rg6+ Kf2 46. Rf6 Kg3 47. Rg6+ Kf2 1/2-1/2

[Event "Grand Chess Tour 2016"]
[Site "Leuven"]
[Date "20.06.2016"][Round "15B"]
[White "Giri,A"]
[Black "Topalov,V"]
[Result "1-0"]
[WhiteElo "2782"]
[BlackElo "2761"]
[EventDate "2016.06.17"]

1. Nf3 Nf6 2. g3 g6 3. Bg2 Bg7 4. O-O O-O 5. d4 d5 6. c4 c6 7. b3 dxc4 8.
bxc4 c5 9. Bb2 Qb6 10. Qb3 Ne4 11. e3 Nc6 12. Ne5 Ng5 13. Nxc6 bxc6 14.
Qxb6 axb6 15. Bxc6 Ra6 16. Nd2 Bh3 17. Rfc1 Rd8 18. Nb3 Bg4 19. h4 Rd6 20.
Bb7 Ra7 21. hxg5 Rxb7 22. dxc5 bxc5 23. Bxg7 Kxg7 24. Nxc5 Rb2 25. Nb3 Ra6
26. c5 Rc6 27. Rcb1 Rxb1+ 28. Rxb1 e5 29. f4 f6 30. Rc1 h5 31. gxh6+ Kxh6
32. fxe5 fxe5 33. e4 Kg5 34. a4 Be6 35. Rc3 Kg4 36. a5 g5 37. Kg2 Bxb3 38.
Rxb3 Rxc5 39. Ra3 Rc2+ 40. Kf1 Rc1+ 41. Ke2 Rc2+ 42. Kd1 Rc7 43. a6 Ra7 44.
Ke2 Kh3 45. Kf2 g4 46. Kg1 Ra8 47. a7 1-0

[Event "Grand Chess Tour 2016"]
[Site "Leuven"]
[Date "20.06.2016"][Round "16B"]
[White "Anand,V"]
[Black "Kramnik,V"]
[Result "1/2-1/2"]
[WhiteElo "2770"]
[BlackElo "2812"]
[EventDate "2016.06.17"]

1. e4 e5 2. Nf3 Nc6 3. Bc4 Bc5 4. O-O Nf6 5. d3 d6 6. c3 a6 7. a4 h6 8. Re1
O-O 9. Nbd2 Be6 10. Bxe6 fxe6 11. Nf1 Nh5 12. Be3 Bxe3 13. fxe3 Qe8 14. b4
Nf6 15. Ng3 a5 16. b5 Ne7 17. c4 Ng6 18. Rf1 b6 19. Nd2 Rd8 20. Qe2 Rd7 21.
Nh5 Rdf7 22. Nxf6+ Rxf6 23. Rxf6 Rxf6 24. Rf1 Qf7 25. Rxf6 Qxf6 26. Qg4 Nf8
27. Qh5 Qe7 28. h3 Nd7 29. Nb3 Nf6 30. Qd1 d5 31. exd5 exd5 32. c5 Nd7 33.
cxb6 cxb6 34. d4 Qg5 35. Qf3 Kh7 36. e4 Nf6 37. dxe5 Qxe5 38. exd5 Nxd5 39.
Qd3+ Kh8 40. Nd2 Nc3 41. Qd8+ Kh7 42. Qd3+ Kh8 43. Qd8+ Kh7 44. Qd3+
1/2-1/2

[Event "Grand Chess Tour 2016"]
[Site "Leuven"]
[Date "20.06.2016"][Round "17B"]
[White "Aronian,L"]
[Black "Anand,V"]
[Result "1-0"]
[WhiteElo "2792"]
[BlackElo "2770"]
[EventDate "2016.06.17"]

1. d4 d5 2. c4 c6 3. Nf3 Nf6 4. Nc3 dxc4 5. a4 Bf5 6. Ne5 Nbd7 7. Nxc4 Nb6
8. Ne5 a5 9. h4 g6 10. h5 gxh5 11. e4 Bg6 12. Be3 e6 13. Bd3 Nbd7 14. Nxd7
Qxd7 15. f3 Bg7 16. Qd2 O-O 17. Ne2 Rfd8 18. Bg5 c5 19. Bb5 Qc7 20. Rc1 b6
21. O-O Rac8 22. Qe1 h6 23. Bh4 Qb8 24. Ba6 Rc7 25. Bg3 Qa7 26. Bxc7 Qxc7
27. dxc5 bxc5 28. Qf2 Nd7 29. Bb5 Bxb2 30. Rc2 Ba3 31. Qe3 Bb4 32. Qxh6 Ne5
33. Nf4 c4 34. Nxg6 Nxg6 35. Rxc4 Qg3 36. Qxh5 Bd2 37. Qg4 Be3+ 38. Kh1 Qe5
39. f4 Qb2 40. Qg3 Bd4 41. f5 Kg7 42. Rxd4 Rh8+ 43. Kg1 Qxd4+ 44. Qf2 Qxf2+
45. Kxf2 Ne5 46. fxe6 fxe6 47. Ke3 Rh4 48. Kd4 Nf7 49. Bc6 Rg4 50. Rf2 Rg3
51. Kc5 Rc3+ 52. Kb6 Ne5 53. Bb5 Nc4+ 54. Bxc4 Rxc4 55. Kxa5 Rxe4 56. Kb5
Re1 57. Ra2 e5 58. a5 e4 59. a6 e3 60. a7 1-0

[Event "Grand Chess Tour 2016"]
[Site "Leuven"]
[Date "20.06.2016"][Round "17B"]
[White "Caruana,F"]
[Black "Kramnik,V"]
[Result "1-0"]
[WhiteElo "2804"]
[BlackElo "2812"]
[EventDate "2016.06.17"]

1. e4 e5 2. Nf3 Nc6 3. Bb5 Nf6 4. d3 Bc5 5. Bxc6 dxc6 6. Nbd2 Be6 7. Qe2
Nd7 8. Nb3 Bb6 9. Ng5 Bxb3 10. axb3 f6 11. Nf3 Nc5 12. O-O Ne6 13. Nd2 O-O
14. Nc4 Qd7 15. Kh1 Rae8 16. Be3 c5 17. Qg4 Kh8 18. g3 Qc6 19. f3 a6 20. h4
Ba7 21. Bd2 Nd4 22. Ne3 Rd8 23. Bc3 Nb5 24. Rae1 Qe8 25. h5 c6 26. f4 exf4
27. gxf4 Nxc3 28. bxc3 Bb8 29. Nf5 Rd7 30. Nh4 Rff7 31. Rg1 Kg8 32. Re2 Bd6
33. Reg2 Bf8 34. h6 Kh8 35. Qh5 Qe6 36. Ng6+ Kg8 37. f5 Qd6 38. Nxf8 Qxf8
39. d4 cxd4 40. cxd4 a5 41. hxg7 Rxg7 42. e5 fxe5 43. f6 Rxg2 44. Rxg2+ Kh8
45. Qxe5 Qh6+ 46. Kg1 Qc1+ 47. Kh2 Qh6+ 48. Kg3 Rf7 49. Rf2 Qg6+ 50. Kh2
Qh6+ 51. Kg2 Qg6+ 52. Kf1 h5 53. Rf5 h4 54. Rh5+ 1-0

[Event "Grand Chess Tour 2016"]
[Site "Leuven"]
[Date "20.06.2016"][Round "18B"]
[White "Anand,V"]
[Black "Caruana,F"]
[Result "1/2-1/2"]
[WhiteElo "2770"]
[BlackElo "2804"]
[EventDate "2016.06.17"]

1. e4 e5 2. Nf3 Nc6 3. Bb5 Nf6 4. d3 Bc5 5. c3 O-O 6. O-O d6 7. h3 Ne7 8.
Ba4 Ng6 9. d4 Bb6 10. Re1 c6 11. Bc2 Re8 12. Nbd2 Bc7 13. dxe5 dxe5 14. Nf1
h6 15. Qxd8 Rxd8 16. Be3 Be6 17. Ng3 Bb6 18. Bb3 Bxe3 19. Rxe3 Bxb3 20.
axb3 a5 21. Ree1 b6 22. Nf5 Kf8 23. Ne3 b5 24. Nf5 a4 25. bxa4 bxa4 26. Ra2
Nd7 27. Ne3 Nc5 28. Nc4 f6 29. g3 Ne7 30. Raa1 Rab8 31. Kf1 Kf7 32. Ke2 Ke6
33. Nfd2 Nc8 34. f3 Rd7 35. Red1 Na7 36. Nf1 Rxd1 37. Kxd1 Nb5 38. Kc2 g6
39. g4 Ke7 40. Nfe3 Nc7 41. Na5 Rb6 42. Nac4 Rb8 43. Na5 Rb6 44. Nac4
1/2-1/2

[Event "Grand Chess Tour 2016"]
[Site "Leuven"]
[Date "20.06.2016"][Round "18B"]
[White "Kramnik,V"]
[Black "Giri,A"]
[Result "1-0"]
[WhiteElo "2812"]
[BlackElo "2782"]
[EventDate "2016.06.17"]

1. d4 d5 2. Nf3 Nf6 3. Bg5 Ne4 4. Bh4 c5 5. e3 Nc6 6. Nbd2 g6 7. c4 Nxd2 8.
Qxd2 cxd4 9. Nxd4 Bg7 10. Nxc6 bxc6 11. cxd5 Qxd5 12. Qxd5 cxd5 13. O-O-O
Bf5 14. Bb5+ Kf8 15. Bd3 e6 16. Kb1 Be5 17. f4 Bd6 18. Bf6 Rg8 19. h3 Ke8
20. e4 Bxe4 21. Bxe4 Bxf4 22. Bxd5 exd5 23. Rxd5 Bc7 24. Re1+ Kf8 25. Rd7
1-0

[Event "Grand Chess Tour 2016"]
[Site "Leuven"]
[Date "20.06.2016"][Round "18B"]
[White "Topalov,V"]
[Black "Aronian,L"]
[Result "1/2-1/2"]
[WhiteElo "2761"]
[BlackElo "2792"]
[EventDate "2016.06.17"]

1. c4 Nf6 2. Nc3 e5 3. Nf3 Nc6 4. d3 Bb4 5. Bd2 O-O 6. e3 Re8 7. Be2 Bxc3
8. Bxc3 d5 9. cxd5 Nxd5 10. Rc1 Bg4 11. O-O Qd6 12. a3 Rad8 13. b4 a6 14.
Bb2 Qh6 15. Qb3 Rd6 16. Rc5 Nb6 17. Qc2 Nd7 18. Rc4 Be6 19. Rc3 Bg4 20. Rc4
Be6 21. Rc3 Bg4 22. Rc4 Be6 23. Rc3 1/2-1/2